000 00668nam a2200193 i 4500
001 80787
003 ES-MaACL
005 20240123190858.0
007 t|
008 041029s1973 ag ||||1| spa d
245 0 3 _aLa homosexualidad en la sociedad moderna /
_cSigmund Freud... [et al.] ; selección de Hendrik M. Ruitenbeek ; [traducción de José Clementi].
260 _aBuenos Aires :
_bSiglo Veinte,
_c[1973]
300 _a372 p. ;
_c20 cm.
700 1 _aFreud, Sigmund,
_d1856-1939
_952547
700 1 _aRuitenbeek, Hendrik Marinus.
_9100587
700 1 _aClementi, José.
_939213
852 _aES-MaACL
_jE-9572
_bR.94059
999 _c80787
_d80787